000 00315nam a22001457a 4500
008 210528b ||||| |||| 00| 0 eng d
020 _a9780407002982
041 _aeng
080 _a338
082 _a338
100 _a54
101 _aMEN
245 _aAnaesthetic Management
_cHarrison,M.J
942 _2udc
_cBK
999 _c57792
_d57792